000 00484nam a2200157 i 4500
001 145870
003 ES-MaACL
005 20230906201335.0
007 t|
008 071017s1959 sp ||||1| cat d
100 1 _aVerdaguer, Joaquín.
_9114000
245 1 0 _aUn menorquí indáomit
_b: petita biografia del doctor Josep Miquel Guardia /
_cJoaquim Verdaguer.
260 _aPalma de Mallorca :
_bMoll,
_c1959.
300 _a104 p. ;
_c16 cm.
852 _aES-MaACL
_jC-18148
_bR.43933
999 _c145870
_d145870